000 00438nam a2200169 a 4500
001 0000-8764
003 ELIB.Books
008 110520 1951
035 _a(ELIB.Books)0000-8910
082 _a225
_bBul
100 _aBultmann, Rudolf
245 _aTheology of the New Testament
260 _bNew York: Charles Scribner's Sons
_c1951
650 _aNew Testament
942 _2ddc
_cBK
998 _cbat
_e2011-05-20
999 _c8764
_d8764